000 00812nam a2200265 a 4500
001 BRCA_4142
005 20190320204548.0
008 150410s1933----mx-a######---#000-0#spa-#
041 _aspa
044 _amx
050 4 _aF1391.P8
_b.C47 1933
100 1 _aCervantes, Enrique A.
_d1935-
_910690
245 1 0 _aPuebla de los Angeles en el año 1933
_cEnrique A. Cervantes ; preliminar de Francisco Pérez Salazar.
260 _aMéxico
_bM. Casas
_c1933
300 _axv p.
_bil., 50 fotos
_c30 cm.
500 _aEjemplar numerado 41 de 300
500 _aC171
650 1 4 _aArte
_zPuebla
_910691
650 1 4 _aArquitectura
_zPuebla
_910692
651 4 _aMéxico
_xDescripción
_910693
651 4 _aPuebla
_xDescripción
_910694
700 1 _aPérez Salazar, Francisco
_97454
902 _aGFM
942 _2lcc
_cB
999 _c3858
_d3858